[Event "Makedonia Palace GP"]
[Site "Thessaloniki GRE"]
[Date "2013.05.23"]
[Round "2.2"]
[White "Grischuk,A"]
[Black "Nakamura,Hi"]
[Result "1-0"]
[WhiteElo "2779"]
[BlackElo "2775"]

1.e4 e5 2.Nf3 Nc6 3.Bb5 a6 4.Ba4 Nf6 5.O-O b5 6.Bb3 Bc5 7.c3 d6 8.d4 Bb6
9.a4 Rb8 10.Na3 O-O 11.axb5 axb5 12.Nxb5 Bg4 13.Bc2 exd4 14.Nbxd4 Nxd4 15.cxd4 Re8
16.Re1 Bxf3 17.gxf3 Nh5 18.Ba4 Rf8 19.Bc6 Qf6 20.Ra4 Nf4 21.Kh1 d5 22.exd5 Ng6
23.Re4 Ne7 24.Rc4 Qd6 25.Bf4 Qd8 26.Bg5 f6 27.Bf4 Nxd5 28.Bxd5+ Qxd5 29.Qe2 Rf7
30.Kg2 Rbf8 31.Qc2 g5 32.Be3 Ra8 33.b3 Kg7 34.Rc6 Ra5 35.Qc4 Rb5 36.h4 h6
37.Rce6 Ba5 38.Re8 c6 39.Ra8 Bb4 40.Re6 gxh4 41.Qxc6 Qxc6 42.Rxc6 Bf8 43.Rc3 Rfb7
44.Rcc8 Be7 45.Rg8+ Kf7 46.Rh8 h5 47.Rh7+ Kg6 48.Rh6+ Kf7 49.Rah8 Bf8 50.Rxh5 Rxh5
51.Rxh5 Rxb3 52.Rxh4 Rb5 53.Kf1 Ke6 54.Ke2 Bd6 55.Kd3 Rb3+ 56.Kc4 Rb4+ 57.Kc3 Rb5
58.Rh6 Ra5 59.Kd3 Bf8 60.Rh8 Bd6 61.Kc4 Ra4+ 62.Kb3 Ra3+ 63.Kb2 Ra5 64.Bd2 Rf5
65.Rh3 Bf4 66.Be3 Bd6 67.Kc3 Ra5 68.Rh6 Ra3+ 69.Kc4 Ra4+ 70.Kd3 Bf8 71.Rh5 Ra3+
72.Ke4 Ra4 73.f4 Be7 74.Rb5 Bd6 75.f5+ Kd7 76.Rb7+ Ke8 77.Kd5 Be7 78.Rb5 Ra2
79.Rb8+ Kd7 80.Rb7+ Ke8 81.Ke4 Bd6 82.Kd3 Ra5 83.Ke4 Ra2 84.f3 Be7 85.Bf4 Ra4
86.Bd2 Kd8 87.Kd5 Ke8 88.Rb5 Kd7 89.Ra5 Rxa5+ 90.Bxa5 Ba3 91.Bb6 Bc1 92.Bc5 Be3
93.Bb4 Bf2 94.Bf8 Be3 95.Bc5 Bg1 96.Ba3 Be3 97.Ke4 Bd2 98.Bc5 Ke8 99.d5 Kd7
100.Be3 Ba5 101.Bd4 Bd8 102.Bc3 Be7 103.Kf4 Bd6+ 104.Kg4 Ke7 105.Bd2 Bc5
106.Bf4 Bb4 107.Kh5 Kf7 108.Bg3 Bc5 109.d6 Bd4 110.Bh4 Bb6 111.d7 Bd8 112.Kh6 Ba5
113.Be1 Bb6 114.Bb4 Bd8 115.Kh5 Kg7 116.Bd6 Kh7 117.Kh4 Kh6 118.Kg4 Kg7 119.Kf4 Kh6
120.Ke4 Kg5 121.Bf4+  1-0

[Event "Makedonia Palace GP"]
[Site "Thessaloniki GRE"]
[Date "2013.05.24"]
[Round "3.6"]
[White "Nakamura,Hi"]
[Black "Bacrot,E"]
[Result "1/2-1/2"]
[WhiteElo "2775"]
[BlackElo "2725"]

1.e4 e5 2.Bc4 Nf6 3.Nc3 Bc5 4.d3 d6 5.Na4 Bb6 6.Nxb6 axb6 7.Ne2 Be6 8.Nc3 Nc6
9.Bg5 h6 10.Bh4 Nd4 11.O-O g5 12.Bg3 Bxc4 13.dxc4 Ne6 14.f3 h5 15.Bf2 h4
16.Be3 Nh5 17.a4 Nhf4 18.b3 f6 19.Qd2 Qd7 20.Nd1 O-O 21.Nf2 f5 22.Bxf4 Nxf4
23.exf5 Qxf5 24.h3 Kg7 25.Ne4 Kg6 26.Nc3 Qe6 27.Rfe1 Kh6 28.Re4 Rf7 29.Nd5 Kh7
30.Qe3 Qg6 31.Qd2 Raf8 32.Re3 Ra8 33.Ree1 Ne6 34.Re2 Nf4 35.Nxf4 Rxf4 36.Qd5 Ra7
37.Re4 Kg7 38.Rae1 Qf7 39.Qd2 Ra8 40.Qb4 Ra5 41.Qd2 Ra8 42.Rxf4 gxf4 43.Ra1 Kf6
44.Qe1 Qh7 45.a5 Rxa5 46.Rxa5 bxa5 47.Qxa5 Ke6 48.Qd2 b6 49.b4 Kd7 50.c5 bxc5
51.bxc5 Kc6 52.cxd6 cxd6 53.Qc3+ Kb5 54.Qc8 Qa7+ 55.Kh2 Qe7 56.Qb8+ Kc6 57.Kg1 Qc7
58.Qe8+ Kd5 59.Qg8+ Kd4 60.Qg5 Qxc2 61.Qxh4 Qd1+ 62.Kh2 Ke3 63.Qe7 Qe1 64.Qa7+ Ke2
65.Qa6+ Kf2 66.Qa7+ Ke2 67.Qa2+ Kf1 68.Qa6+ Kf2 69.Qb6+ Ke2 70.Qxd6 Qg3+
71.Kg1 Qe1+ 72.Kh2 Qg3+ 73.Kg1 Qe1+  1/2-1/2

[Event "Makedonia Palace GP"]
[Site "Thessaloniki GRE"]
[Date "2013.05.25"]
[Round "4.2"]
[White "Morozevich,A"]
[Black "Nakamura,Hi"]
[Result "1/2-1/2"]
[WhiteElo "2760"]
[BlackElo "2775"]

1.e4 c5 2.Nf3 d6 3.d4 cxd4 4.Nxd4 Nf6 5.Nc3 e6 6.Be3 a6 7.f3 b5 8.Qd2 Nbd7
9.g4 h6 10.a3 Bb7 11.O-O-O Rc8 12.h4 d5 13.Rg1 dxe4 14.g5 hxg5 15.hxg5 Nd5
16.Nxd5 Bxd5 17.g6 f5 18.fxe4 fxe4 19.Kb1 Ne5 20.Nxb5 Nf3 21.Qf2 Qf6 22.Qg3 axb5
23.Bxb5+ Ke7 24.c4 Rh2 25.Qxh2 Nxh2 26.cxd5 Qf5 27.Bg5+ Kd6 28.dxe6+ Ke5
29.Bd7 e3+ 30.Ka1 Bxa3 31.Bxc8 Qc2 32.bxa3 Qc3+ 33.Ka2 Qxc8 34.e7 Qc2+ 35.Ka1 Qc3+
36.Ka2 Qc2+ 37.Ka1 Qc3+ 38.Ka2 Qc2+  1/2-1/2

[Event "Makedonia Palace GP"]
[Site "Thessaloniki GRE"]
[Date "2013.05.27"]
[Round "5.1"]
[White "Nakamura,Hi"]
[Black "Caruana,F"]
[Result "1/2-1/2"]
[WhiteElo "2775"]
[BlackElo "2774"]

1.d4 Nf6 2.c4 g6 3.Nc3 d5 4.e3 Bg7 5.Qb3 e6 6.Qa3 c6 7.Nf3 a5 8.b3 Na6 9.Be2 Ne4
10.Qb2 O-O 11.O-O b6 12.Rd1 Bb7 13.Bd2 Nxd2 14.Qxd2 Nb8 15.Rac1 Nd7 16.Na4 Qe7
17.Ne1 Rfd8 18.cxd5 exd5 19.Nd3 Re8 20.Rc2 h5 21.Bf1 h4 22.Qc1 Qe6 23.h3 Bf8
24.Be2 Bd6 25.Nf4 Qe7 26.Qb1 Kg7 27.Nd3 Rac8 28.Ne1 f5 29.Bd3 Qf6 30.Re2 Re7
31.Qc2 Rf8 32.f4 Rfe8 33.Qd2 g5 34.Nf3 gxf4 35.exf4 Rxe2 36.Bxe2 Bb4 37.Qc2 Re4
38.Nb2 Nf8 39.Nd3 Bd6 40.Nde5 Ne6 41.Bd3 Nxd4 42.Qc1 Nxf3+ 43.gxf3 Bxe5 44.fxe5 Rxe5
45.Qf4 c5 46.Kh2 Kf7 47.Rg1 Bc8 48.Rg5 Qd6 49.Rg4 Re6 50.Qxd6 Rxd6 51.Rxh4 Rg6
52.Rh8 Rg8 53.Rxg8 Kxg8 54.Kg3 Kg7 55.Kf4 Kf6 56.Bb5 Be6 57.h4 c4 58.bxc4 dxc4
59.Ke3 c3 60.a3 Bd5 61.Ba4 Bb7 62.f4 Be4 63.Bb5 Kg6 64.Be8+ Kh6 65.a4 Bb1
66.Ke2 Bc2 67.Ke3 Be4 68.Ke2 Kg7 69.Ke3 Kf8 70.Bd7 Ke7 71.Bb5 Kd6 72.Be8 Ke6
73.Ke2 Kf6 74.Ke3 Kg7 75.Ke2 Kh6 76.Ke3 Bb1 77.Ke2 Bc2 78.Ke3 Bb3 79.Kd3 c2
80.Kd2 Kg7 81.Kc1 Kf6 82.Kd2 Kg7 83.Kc1 Kf6 84.Kd2 Kg7  1/2-1/2

[Event "Makedonia Palace GP"]
[Site "Thessaloniki GRE"]
[Date "2013.05.28"]
[Round "6.3"]
[White "Dominguez Perez,L"]
[Black "Nakamura,Hi"]
[Result "1/2-1/2"]
[WhiteElo "2723"]
[BlackElo "2775"]

1.e4 d5 2.exd5 Qxd5 3.Nc3 Qa5 4.d4 c6 5.Nf3 Bf5 6.Ne5 Nf6 7.Bd3 Bxd3 8.Qxd3 e6
9.O-O Nbd7 10.Qg3 Qc7 11.Re1 Nb6 12.Qf3 Bb4 13.Bh6 gxh6 14.Qxf6 Rf8 15.a3 Bxc3
16.bxc3 Nd5 17.Qxh6 Nxc3 18.Qh4 Qe7 19.Qxh7 Nb5 20.Red1 Rd8 21.Nf3 Qf6 22.Qd3 Rg8
23.Rab1 b6 24.g3 Rg4 25.c3 Qf5 26.a4 Qxd3 27.Rxd3 Na3 28.Re1 Nc4 29.Ne5 Nxe5
30.Rxe5 Rd5 31.f4 Ke7 32.Kf2 Rg8 33.c4 Rd7 34.f5 Rg5 35.fxe6 Rxe5 36.exd7 Ra5
37.Rf3 Kxd7 38.Rxf7+ Ke6 39.Rf4 Rxa4 40.d5+ Kd7 41.dxc6+ Kxc6 42.g4 Ra2+
43.Kg3 Ra1 44.g5 Rg1+ 45.Kh4 a5 46.Rg4 Rxg4+ 47.Kxg4 Kd6 48.Kh5 a4 49.g6 a3
50.g7 a2 51.g8=Q a1=Q 52.Qd8+ Kc6 53.Qc8+ Kd6 54.Qd8+ Kc6 55.Qd5+ Kc7 56.Qf7+ Kd6
57.h4 Qe5+ 58.Kh6 b5 59.cxb5 Qxb5 60.h5 Ke5 61.Kg7 Qc6 62.h6 Qg2+ 63.Qg6 Qb7+
64.Qf7 Qg2+ 65.Kh8 Qa8+ 66.Qg8 Qf3 67.Qg6 Qf8+ 68.Kh7 Qf3 69.Qg7+ Ke6 70.Kg8 Qh5
71.h7 Qe8+ 72.Qf8 Qg6+ 73.Kh8 Qf7 74.Qc8+ Ke7 75.Qc7+ Ke8 76.Qe5+ Kd7 77.Qb5+ Ke7
78.Qg5+ Ke8 79.Qg8+ Qf8 80.Qxf8+ Kxf8  1/2-1/2

[Event "Makedonia Palace GP"]
[Site "Thessaloniki GRE"]
[Date "2013.06.01"]
[Round "9.1"]
[White "Nakamura,Hi"]
[Black "Ponomariov,R"]
[Result "1/2-1/2"]
[WhiteElo "2775"]
[BlackElo "2742"]

1.d4 Nf6 2.Nc3 d5 3.Bg5 Nbd7 4.Qd3 h6 5.Bh4 e6 6.e4 dxe4 7.Nxe4 Be7 8.Nxf6+ Bxf6
9.Bxf6 Nxf6 10.O-O-O O-O 11.Nf3 b6 12.Ne5 Bb7 13.Rg1 c5 14.dxc5 bxc5 15.Qxd8 Rfxd8
16.Re1 Kf8 17.g4 Rd4 18.Rg3 Rf4 19.Rb3 Rb4 20.Ree3 Rc8 21.c4 Rxb3 22.Rxb3 Rc7
23.Ra3 a6 24.Kd2 Ke7 25.Be2 Nd7 26.Nd3 Kd6 27.Ke3 g5 28.h3 Ne5 29.Nxe5 Kxe5
30.Rb3 f5 31.f3 f4+ 32.Kf2 Bc6 33.Rb8 Rb7 34.Rc8 Kd6 35.b3 a5 36.Rh8 a4 37.Rxh6 axb3
38.axb3 Rxb3 39.Rg6 Rb2 40.Rxg5 Ba4 41.Rg8 Ke7 42.Kf1 Rb1+ 43.Kf2 Rb2 44.Ke1 Rb1+
45.Kd2 Rb2+ 46.Kd3 Rb3+ 47.Kd2 Rb2+ 48.Kd3 Rb3+ 49.Kd2 Rb2+  1/2-1/2

[Event "Makedonia Palace GP"]
[Site "Thessaloniki GRE"]
[Date "2013.06.02"]
[Round "10.5"]
[White "Ivanchuk,V"]
[Black "Nakamura,Hi"]
[Result "1/2-1/2"]
[WhiteElo "2755"]
[BlackElo "2775"]

1.d4 Nf6 2.c4 g6 3.g3 Bg7 4.Bg2 O-O 5.Nc3 d6 6.Nf3 Nc6 7.O-O a6 8.d5 Na5
9.Nd2 c5 10.Qc2 Rb8 11.b3 b5 12.Bb2 h5 13.Rae1 bxc4 14.bxc4 e5 15.Rb1 h4
16.Ba3 Rxb1 17.Rxb1 hxg3 18.hxg3 Ng4 19.Na4 f5 20.Nb6 e4 21.e3 Bd7 22.Nxd7 Qxd7
23.Bh3 Ne5 24.Bb2 g5 25.Bc3 g4 26.Bf1 Nb7 27.Rb6 Nd8 28.Bxe5 Bxe5 29.Rxa6 Nf7
30.Qa4 Qxa4 31.Rxa4 Rb8 32.Nb3 Bc3 33.Ra6 Kf8 34.Be2 Ke7 35.Ra7+ Kf6 36.Ra6 Ke7
37.Ra7+ Kf6 38.Ra6  1/2-1/2

[Event "8th Tal Mem Blitz"]
[Site "Moscow RUS"]
[Date "2013.06.12"]
[Round "1"]
[White "Nakamura,Hi"]
[Black "Morozevich,A"]
[Result "1-0"]
[WhiteElo "2784"]
[BlackElo "2760"]

1.Nf3 Nf6 2.g3 g6 3.d3 Bg7 4.e4 c5 5.Bg2 Nc6 6.O-O O-O 7.c3 d5 8.e5 Nd7 9.d4 cxd4
10.cxd4 Nb6 11.h3 Bf5 12.Nc3 Rc8 13.Nh4 Be6 14.f4 f5 15.Nf3 Bd7 16.Qe2 e6
17.g4 a6 18.gxf5 exf5 19.h4 h6 20.Be3 Be6 21.h5 gxh5 22.Bf2 Nc4 23.Kh1 Qb6
24.b3 Na3 25.Na4 Qb5 26.Qd1 b6 27.Rg1 Ne7 28.Bf1 Qc6 29.Bxa6 Rc7 30.Bd3 Rf7
31.Nh4 Nc4 32.Kh2 Kh7 33.Rc1 Ra7 34.Be2 b5 35.Nc3 Qd7 36.bxc4 b4 37.cxd5 Nxd5
38.Nxd5 Bxd5 39.Rc2 Bf8 40.Bd3 Be7 41.Qxh5  1-0

[Event "8th Tal Mem Blitz"]
[Site "Moscow RUS"]
[Date "2013.06.12"]
[Round "2"]
[White "Gelfand,B"]
[Black "Nakamura,Hi"]
[Result "1/2-1/2"]
[WhiteElo "2755"]
[BlackElo "2784"]

1.d4 f5 2.Nc3 d5 3.Bf4 c6 4.e3 Nf6 5.Nf3 g6 6.Bd3 Bg7 7.O-O Nbd7 8.Ne2 Nh5
9.c4 e6 10.Bd6 dxc4 11.Bc2 Nb6 12.Ba3 Nd5 13.b3 c3 14.Ne5 Qc7 15.Nc4 b5 16.Nd6+ Kd8
17.Bc5 Bf8 18.e4 Bxd6 19.Bxd6 Qxd6 20.exd5 cxd5 21.Nxc3 Bd7 22.Qd2 Rc8 23.Rac1 Ke7
24.Rfe1 Kf7 25.Bd3 a6 26.Bf1 Nf6 27.f3 Rc6 28.Ne2 Rxc1 29.Nxc1 Bc6 30.Nd3 Kg7
31.Nc5 Bd7 32.Qe3 Rc8 33.Nxe6+ Bxe6 34.Qxe6 Rc6 35.Qxd6 Rxd6 36.a4 bxa4 37.bxa4 a5
38.Re7+ Kf8 39.Ra7 Rb6 40.Bb5 Re6 41.Kf2 f4 42.Rxa5 Re3 43.Ra8+ Kf7 44.a5 Ra3
45.a6 Ra2+ 46.Be2 Ne8 47.Rd8 Ng7 48.Rxd5 Ke6 49.Re5+ Kd6 50.g4 Ne6 51.Re4 Kd5
52.Re5+ Kd6 53.Re4 Kd5 54.Re5+ Kd6 55.Re4  1/2-1/2

[Event "8th Tal Mem Blitz"]
[Site "Moscow RUS"]
[Date "2013.06.12"]
[Round "3"]
[White "Nakamura,Hi"]
[Black "Mamedyarov,S"]
[Result "1-0"]
[WhiteElo "2784"]
[BlackElo "2753"]

1.d4 d5 2.Nc3 Nf6 3.Bg5 Bf5 4.Bxf6 exf6 5.e3 c6 6.Bd3 Bxd3 7.Qxd3 g6 8.Nge2 f5
9.h3 h5 10.f3 Nd7 11.e4 fxe4 12.fxe4 dxe4 13.Nxe4 Qa5+ 14.c3 Be7 15.O-O f5
16.Nf4 fxe4 17.Qxe4 Qf5 18.Qe2 O-O 19.Nd3 Qg5 20.Qe6+ Kh8 21.Rfe1 Rae8 22.Qxd7 Qg3
23.Rxe7  1-0

[Event "8th Tal Mem Blitz"]
[Site "Moscow RUS"]
[Date "2013.06.12"]
[Round "4"]
[White "Carlsen,M"]
[Black "Nakamura,Hi"]
[Result "1/2-1/2"]
[WhiteElo "2864"]
[BlackElo "2784"]

1.d4 Nf6 2.Nf3 g6 3.Bg5 Bg7 4.Nbd2 O-O 5.c3 d6 6.e4 h6 7.Bh4 c5 8.dxc5 dxc5
9.Be2 Nc6 10.O-O Nh5 11.Re1 Nf4 12.Bf1 Nd3 13.Re3 Nde5 14.Nxe5 Bxe5 15.Nc4 Qxd1
16.Rxd1 Bc7 17.e5 Be6 18.f4 b5 19.Nd2 c4 20.Bf2 Rfd8 21.Ree1 Bg4 22.Be2 Bxe2
23.Rxe2 Rd5 24.Rf1 g5 25.g3 gxf4 26.gxf4 f5 27.Nf3 e6 28.a4 a6 29.Ra1 b4
30.cxb4 Rb8 31.b5 axb5 32.axb5 Rdxb5 33.Rc2 Na5 34.Nd4 Nb3 35.Nxb3 Rxb3 36.Rxc4 Bb6
37.Bxb6 R3xb6 38.Kh1 Rxb2 39.Rg1+ Kf8 40.Rc6 R2b6 41.Rxb6 Rxb6 42.Rg6 Rb4
43.Rxh6 Kf7 44.Rh4 Kg6 45.Kg2 Rb2+ 46.Kf3 Rb3+ 47.Ke2 Rb2+ 48.Ke3 Kg7 49.Kd4 Rd2+
50.Kc5 Rd5+ 51.Kc6 Rd2 52.Rh3 Rd4 53.Ra3 Kf7 54.Ra7+ Kg6 55.Re7 Rxf4 56.Rxe6+ Kf7
57.Kd7 Rd4+ 58.Rd6 Rxd6+ 59.Kxd6 f4 60.Kd7 f3 61.e6+ Kg7 62.e7 f2 63.e8=Q f1=Q
64.Qe5+ Qf6 65.Qxf6+ Kxf6 66.h4 Kg6 67.h5+ Kxh5  1/2-1/2

[Event "8th Tal Mem Blitz"]
[Site "Moscow RUS"]
[Date "2013.06.12"]
[Round "5"]
[White "Nakamura,Hi"]
[Black "Kramnik,V"]
[Result "1/2-1/2"]
[WhiteElo "2784"]
[BlackElo "2803"]

1.d4 d5 2.Nc3 Nf6 3.Bg5 c6 4.Bxf6 gxf6 5.e3 Bf5 6.Bd3 Bg6 7.f4 e6 8.f5 exf5
9.Nh3 Qe7 10.Qf3 Bh6 11.Nf4 Nd7 12.h4 Bxf4 13.Qxf4 h5 14.O-O-O O-O-O 15.Rde1 Nb6
16.Bxf5+ Bxf5 17.Qxf5+ Qe6 18.Rhf1 Rh6 19.e4 dxe4 20.Rxe4 Qxf5 21.Rxf5 Nc4
22.Rf2 f5 23.Re1 Rxd4 24.Rxf5 Nd6 25.Ra5 Rxh4 26.Rxa7 Kb8 27.Ra5 Rg4 28.Re2 h4
29.b3 Re6 30.Rd2 f5 31.Nd1 Kc7 32.Ra8 Ne4 33.Rdd8 Nd6 34.Rh8 Rxg2 35.Rh7+ Kb6
36.Nc3 Kc5 37.Rxh4 Ne4 38.Na4+ Kd4 39.Rf8 Re5 40.Nb6 Kc3 41.Na4+ Kd4 42.Nb6 Rc5
43.Nc4 b5 44.Rd8+ Rd5 45.Nd6 Kc3 46.Nxe4+ fxe4 47.Rh3+ Kd4 48.Re8 Rc5 49.Rd8+ Rd5
50.Re8 Rc5 51.Rd8+ Rd5  1/2-1/2

[Event "8th Tal Mem Blitz"]
[Site "Moscow RUS"]
[Date "2013.06.12"]
[Round "6"]
[White "Anand,V"]
[Black "Nakamura,Hi"]
[Result "1/2-1/2"]
[WhiteElo "2786"]
[BlackElo "2784"]

1.e4 d5 2.exd5 Qxd5 3.Nc3 Qa5 4.Nf3 c6 5.d4 Bf5 6.Bd3 Bxd3 7.Qxd3 Qa6 8.Ne5 e6
9.Nc4 Nf6 10.O-O Be7 11.b3 O-O 12.Bb2 Nbd7 13.Qf3 Rad8 14.Rfd1 Nb6 15.Ne3 Ba3
16.Bxa3 Qxa3 17.Ne4 Nxe4 18.Qxe4 Nd5 19.Qd3 Nf4 20.Nc4 Qe7 21.Qf3 Qf6 22.g3 Nd5
23.Qxf6 gxf6 24.Kf1 Rd7 25.Rd3 Rfd8 26.c3 Rc8 27.Ne3 c5 28.dxc5 Nxe3+ 29.Rxe3 Rxc5
30.c4 b5 31.cxb5 Rxb5 32.Rc1 Ra5 33.Rc2 f5 34.f4 Kg7 35.Ree2 Rad5 36.Kf2 h5
37.h4 Kf6 38.Rc3 Rd1 39.Rcc2 a5 40.Rc5 a4 41.bxa4 R1d4 42.a5 Ra4 43.Rec2 Rd3
44.R5c3 Rd1 45.Rc5 Ra3 46.Rb5 Rh1 47.Kg2 Ra1 48.Rd2 Kg6 49.Re2 Kf6 50.Rd2 Rc1
51.Re2 Rc8 52.Kh2 Rc1 53.Kg2 Ra1  1/2-1/2

[Event "8th Tal Mem Blitz"]
[Site "Moscow RUS"]
[Date "2013.06.12"]
[Round "7"]
[White "Nakamura,Hi"]
[Black "Andreikin,D"]
[Result "1-0"]
[WhiteElo "2784"]
[BlackElo "2713"]

1.d4 Nf6 2.Bg5 d5 3.Bxf6 exf6 4.e3 c6 5.c4 dxc4 6.Bxc4 Bd6 7.Nc3 O-O 8.Nf3 Nd7
9.Qc2 Bc7 10.Bd3 h6 11.h4 Nb6 12.h5 Nd5 13.a3 Nxc3 14.bxc3 Re8 15.Rb1 Qd6
16.a4 b6 17.Nh4 c5 18.Nf5 Qc6 19.O-O Qe6 20.c4 cxd4 21.exd4 Bb7 22.d5 Qd7
23.Qd1 Re5 24.Qg4 Rxf5 25.Bxf5 Qd6 26.g3 Ba6 27.Rfe1 Rd8 28.Re2 Qc5 29.Rbe1 Be5
30.Bd3 Bc8 31.Qe4 Kf8 32.Kg2 Qd4 33.Qh7 Bg4 34.Rxe5 fxe5 35.Qh8+ Ke7 36.Qxg7 Bf3+
37.Kxf3 Qxd3+ 38.Kg2 Qxc4 39.Rxe5+ Kd6 40.Qf6+ Kc7 41.Qxf7+ Rd7 42.d6+  1-0

[Event "8th Tal Mem Blitz"]
[Site "Moscow RUS"]
[Date "2013.06.12"]
[Round "8"]
[White "Nakamura,Hi"]
[Black "Caruana,F"]
[Result "1-0"]
[WhiteElo "2784"]
[BlackElo "2774"]

1.d4 d5 2.Nc3 Nf6 3.Bg5 Nbd7 4.Qd3 h6 5.Bh4 e6 6.e4 dxe4 7.Nxe4 Be7 8.Nxf6+ Bxf6
9.Bxf6 Qxf6 10.Nf3 O-O 11.Qe3 c5 12.O-O-O cxd4 13.Rxd4 Nb6 14.c4 Bd7 15.Ne5 Rad8
16.Be2 Ba4 17.Rf4 Qe7 18.Rg4 Kh8 19.h4 Nd7 20.Rh3 Nxe5 21.Qxe5 f6 22.Qa5 Bc6
23.Rhg3 Rf7 24.Qxa7 e5 25.Rd3 Rxd3 26.Bxd3 f5 27.Rg6 e4 28.Bc2 Qc7 29.Qd4 Kh7
30.Rd6 Qa5 31.a3 Qe1+ 32.Bd1 f4 33.h5 Re7 34.Qd2 Qxd2+ 35.Kxd2 Re5 36.Bc2 Kg8
37.b4 e3+ 38.fxe3 fxe3+ 39.Ke2 Bxg2 40.Bg6 Kf8 41.Rd8+ Ke7 42.Re8+ Kf6 43.Rxe5 Kxe5
44.Kxe3 b6 45.a4 Bc6 46.a5 bxa5 47.bxa5 Bb7 48.c5 Bc8 49.Be4 Ba6 50.Bd3 Bc8
51.a6 Kd5 52.a7  1-0

[Event "8th Tal Mem Blitz"]
[Site "Moscow RUS"]
[Date "2013.06.12"]
[Round "9"]
[White "Karjakin,Sergey"]
[Black "Nakamura,Hi"]
[Result "0-1"]
[WhiteElo "2782"]
[BlackElo "2784"]

1.e4 d5 2.exd5 Qxd5 3.Nc3 Qa5 4.d4 c6 5.Nf3 Bf5 6.Bd3 Bxd3 7.Qxd3 Qa6 8.Qxa6 Nxa6
9.Bd2 e6 10.Ne4 Nb4 11.Bxb4 Bxb4+ 12.c3 Be7 13.a4 a5 14.Ne5 Nf6 15.Nxf6+ gxf6
16.Nd3 f5 17.O-O-O Bd6 18.Kc2 Ke7 19.g3 h5 20.h4 Rhg8 21.Rde1 Kf6 22.Re3 Rad8
23.Rhe1 Rg4 24.Ne5 Bxe5 25.Rxe5 Rd5 26.Kd3 f4 27.R5e4 Rf5 28.R1e2 fxg3 29.Rxg4 gxf2
30.Rxf2 hxg4 31.Rg2 Rf4 32.Ke3 Kf5 33.h5 Rf3+ 34.Ke2 Kg5 35.h6 Rh3 36.Rf2 f5  0-1

[Event "8th Tal Memorial"]
[Site "Moscow RUS"]
[Date "2013.06.14"]
[Round "2.2"]
[White "Kramnik,V"]
[Black "Nakamura,Hi"]
[Result "0-1"]
[WhiteElo "2803"]
[BlackElo "2784"]

1.c4 Nf6 2.Nc3 g6 3.g3 Bg7 4.Bg2 O-O 5.d4 d6 6.Nf3 Nbd7 7.O-O e5 8.b3 Re8
9.e4 c6 10.Be3 exd4 11.Nxd4 Nc5 12.f3 Qe7 13.Re1 a5 14.Qc2 Be6 15.Rad1 a4
16.b4 Ncd7 17.Nxe6 Qxe6 18.Nxa4 Ne5 19.c5 Qc4 20.Qb3 dxc5 21.Nb6 Qxb3 22.axb3 Rad8
23.bxc5 Nfd7 24.Na4 Nf8 25.Rd6 Ne6 26.Red1 Ra8 27.h3 Nc4 28.bxc4 Rxa4 29.Rd7 Rb4
30.f4 Bf8 31.Kh2 Bxc5 32.Bc1 Ra8 33.f5 Nf8 34.R7d3 Rxc4 35.Bh6 Be7 36.R1d2 b5
37.Rf3 b4 38.e5 gxf5 39.Rxf5 Ng6 40.Rdf2 Bf8 41.Bg5 b3 42.Rxf7 Rb8 43.Bf1 Rc3
44.e6 b2 45.Bf6 b1=Q 46.Bxc3 Qb3 47.R7f3 Bc5 48.Rb2 Qxb2+ 49.Bxb2 Rxb2+ 50.Bg2 Be7
51.h4 Re2 52.Rc3 c5 53.Kh3 Kg7 54.Bd5 Ne5 55.g4 Ng6 56.Rf3 Bd6 57.Rf7+ Kh8
58.g5 Rh2+ 59.Kg4  0-1

[Event "8th Tal Memorial"]
[Site "Moscow RUS"]
[Date "2013.06.15"]
[Round "3.4"]
[White "Nakamura,Hi"]
[Black "Karjakin,Sergey"]
[Result "1-0"]
[WhiteElo "2784"]
[BlackElo "2782"]

1.d4 Nf6 2.c4 g6 3.Nc3 d5 4.cxd5 Nxd5 5.Bd2 Bg7 6.e4 Nxc3 7.Bxc3 c5 8.d5 Bxc3+
9.bxc3 O-O 10.Nf3 e6 11.Be2 exd5 12.exd5 Bg4 13.O-O Nd7 14.h3 Bxf3 15.Bxf3 Ne5
16.Be2 Qd6 17.Rb1 b6 18.Re1 Rfd8 19.Ba6 Rab8 20.c4 Nd7 21.Bb5 Nf6 22.Qe2 Rb7
23.Rb3 Nh5 24.Re3 Ng7 25.g4 Kf8 26.a4 f5 27.Re5 fxg4 28.hxg4 Rf7 29.Qe3 Qf6
30.Re2 Qf4 31.Qxf4 Rxf4 32.R5e4 Rxe4 33.Rxe4 h5 34.f3 Kf7 35.Kg2 Kf6 36.Re1 g5
37.Kg3 Rh8 38.Bc6 Kf7 39.d6 h4+ 40.Kh2 Kf6 41.d7 Ne6 42.Bd5 Nc7 43.Be4 Ne6
44.Bd5 Nc7 45.f4 gxf4 46.g5+ Kg6 47.Re5 Rd8 48.Be4+ Kf7 49.Bf5 Rh8 50.Kg2 a5
51.Kf2 f3 52.Re1  1-0

[Event "8th Tal Memorial"]
[Site "Moscow RUS"]
[Date "2013.06.19"]
[Round "6.4"]
[White "Anand,V"]
[Black "Nakamura,Hi"]
[Result "0-1"]
[WhiteElo "2786"]
[BlackElo "2784"]

1.e4 e5 2.Nf3 Nc6 3.Bb5 g6 4.O-O Bg7 5.c3 a6 6.Bxc6 dxc6 7.d4 exd4 8.cxd4 Ne7
9.h3 O-O 10.Nc3 h6 11.Qb3 g5 12.Rd1 b6 13.a4 a5 14.Be3 Ng6 15.d5 c5 16.Nb5 g4
17.hxg4 Bxg4 18.Bd2 Qd7 19.Rac1 c6 20.dxc6 Qxc6 21.Bc3 Bxf3 22.gxf3 Rad8
23.Rxd8 Rxd8 24.Rd1 Rd7 25.Rxd7 Qxd7 26.Qd5 Qxd5 27.exd5 Bxc3 28.bxc3 Ne5
29.Nd6 Kf8 30.Kh2 Ke7 31.Nc8+ Kd7 32.Nxb6+ Kc7 33.f4 Nf3+ 34.Kg2 Nd2 35.Na8+ Kb7
36.d6 Kc6 37.Nc7 Kxd6 38.Nb5+ Kd5 39.Kg3 Kc4 40.Nd6+ Kxc3 41.Nxf7 c4 42.f5 Kd4
43.Nd6 Ke5 44.Nb5 Kxf5 45.f3 h5  0-1

[Event "Geneva Masters GpB 2013"]
[Site "Geneva SUI"]
[Date "2013.06.26"]
[Round "1.1"]
[White "Edouard,R"]
[Black "Nakamura,Hi"]
[Result "1/2-1/2"]
[WhiteElo "2666"]
[BlackElo "2784"]

1.Nf3 d5 2.d4 Nf6 3.c4 e6 4.Nc3 dxc4 5.e3 a6 6.a4 b6 7.Bxc4 Bb7 8.O-O Bb4
9.Qe2 O-O 10.Rd1 Qe7 11.Bd3 c5 12.Na2 Nc6 13.Nxb4 Nxb4 14.Bb1 cxd4 15.Nxd4 Rfd8
16.Bd2 g6 17.Qe1 a5 18.Bxb4 axb4 19.Bd3 e5 20.Nc2 b3 21.Qb4 Qe6 22.Ne1 Bd5
23.e4 Bc6 24.Bc4 Qe8 25.Rxd8 Qxd8 26.Nf3 Qc7 27.Ng5 Be8 28.Bxb3 Ra5 29.Rd1 Rc5
30.h3 Kg7 31.Kh2 h6 32.Nf3 Bc6 33.Nd2 Bb7 34.Re1 Ba6 35.Nb1 Rc1 36.Qd2 Rxe1
37.Qxe1 Qc5 38.Nc3 Bc4 39.Bxc4 Qxc4 40.Qe3 Qb4 41.Qe2 h5 42.h4 Qd4 43.g3 Nd7
44.Kg2 Nc5 45.Qc2 Qc4 46.Qd1 Qd4 47.Qc2 Nd3 48.Qe2 Nc5 49.Qc2  1/2-1/2

[Event "Geneva Masters GpB 2013"]
[Site "Geneva SUI"]
[Date "2013.06.27"]
[Round "2.2"]
[White "Kosteniuk,A"]
[Black "Nakamura,Hi"]
[Result "0-1"]
[WhiteElo "2489"]
[BlackElo "2784"]

1.e4 e5 2.Nf3 Nc6 3.Bb5 a6 4.Ba4 Nf6 5.O-O Nxe4 6.d4 b5 7.Bb3 d5 8.dxe5 Be6
9.Nbd2 Nc5 10.c3 Be7 11.Bc2 Bg4 12.Re1 Qd7 13.Nf1 Rd8 14.h3 Bh5 15.Ng3 Bg6
16.Nd4 Nxd4 17.cxd4 Ne6 18.Nf5 c5 19.dxc5 Bxc5 20.Qf3 O-O 21.Qg3 f6 22.Bd2 fxe5
23.Qxe5 Rde8 24.Ne3 Bxe3 25.Bxg6 Bxf2+ 26.Kh1 hxg6  0-1

[Event "Geneva Masters GpB 2013"]
[Site "Geneva SUI"]
[Date "2013.06.27"]
[Round "2.1"]
[White "Nakamura,Hi"]
[Black "Kosteniuk,A"]
[Result "1-0"]
[WhiteElo "2784"]
[BlackElo "2489"]

1.e4 c6 2.Nf3 d5 3.Nc3 Bg4 4.h3 Bxf3 5.Qxf3 e6 6.d4 dxe4 7.Qxe4 Nd7 8.g3 g6
9.Bg2 Bg7 10.O-O Ne7 11.Ne2 O-O 12.Rd1 Nb6 13.c3 a5 14.Qc2 a4 15.Nf4 Nc4
16.Nd3 Qc8 17.Nc5 Nb6 18.Bg5 Ned5 19.c4 Nf6 20.Be3 Rd8 21.Rd3 Ne8 22.Ne4 Qc7
23.Rad1 h6 24.h4 Nd7 25.Bf4 Qa5 26.Bd2 Qc7 27.Nc3 Nb6 28.c5 Nc8 29.Nxa4 e5
30.d5 cxd5 31.Rxd5 Rxd5 32.Bxd5 Ne7 33.Bg2 Nc6 34.b3 Nd4 35.Qc4 Rd8 36.Bc3 Qc8
37.Bxd4 exd4 38.Nb2 Nc7 39.Nd3 Re8 40.b4 Qg4 41.Rf1 Bf6 42.b5 Kg7 43.b6 Ne6
44.Re1 g5 45.hxg5 hxg5 46.c6 bxc6 47.b7 Rb8 48.Qxc6 Qf5 49.Qc8 Rxb7 50.Qxb7 Qxd3
51.Rxe6 Qd1+ 52.Bf1 d3 53.Rxf6 Kxf6 54.Qa6+  1-0

[Event "Geneva Masters GpB 2013"]
[Site "Geneva SUI"]
[Date "2013.06.28"]
[Round "3.1"]
[White "Bacrot,E"]
[Black "Nakamura,Hi"]
[Result "0-1"]
[WhiteElo "2725"]
[BlackElo "2784"]

1.d4 d5 2.c4 e6 3.Nf3 Nf6 4.Nc3 dxc4 5.e4 Bb4 6.Bg5 c5 7.Bxc4 cxd4 8.Nxd4 Qa5
9.Bd2 Qc5 10.Bb5+ Bd7 11.Nb3 Qb6 12.Bd3 Bc6 13.O-O Nbd7 14.Be3 Qc7 15.Nb5 Qb8
16.N5d4 Ba4 17.Qe2 O-O 18.f4 e5 19.Nf5 Bxb3 20.axb3 Bc5 21.Rac1 Bxe3+ 22.Qxe3 exf4
23.Rxf4 Qe5 24.Rcf1 b5 25.Rh4 g6 26.Qh6 gxf5 27.Rxf5 Qd4+ 28.Kh1 Kh8 29.h3 Rg8
30.Rxf6 Nxf6 31.e5 Qxd3 32.Qxf6+ Rg7 33.Rg4 Rg8 34.e6 Qd1+  0-1

[Event "Geneva Masters GpB 2013"]
[Site "Geneva SUI"]
[Date "2013.06.28"]
[Round "3.2"]
[White "Nakamura,Hi"]
[Black "Bacrot,E"]
[Result "1-0"]
[WhiteElo "2784"]
[BlackElo "2725"]

1.e4 c5 2.Nf3 e6 3.c3 d5 4.exd5 Qxd5 5.d4 Nf6 6.Na3 Be7 7.Nb5 Na6 8.Be2 O-O
9.O-O cxd4 10.Qxd4 Qxd4 11.Nfxd4 e5 12.Nc2 Be6 13.b3 Rfc8 14.c4 Nc5 15.Bb2 a6
16.Nc3 a5 17.Ba3 Kf8 18.Bf3 Rab8 19.Rfe1 Nd3 20.Bxe7+ Kxe7 21.Re3 Nb4 22.Na3 Nd7
23.Rae1 f6 24.Be4 f5 25.Bb1 Nc6 26.Nab5 Nf6 27.f3 g6 28.Na4 Rd8 29.Nc5 Rd2
30.Rxe5 Nxe5 31.Rxe5 Rd1+ 32.Kf2 Rxb1 33.Rxe6+ Kf7 34.Nd6+ Kg7 35.Re7+ Kh8
36.Ne6 Rb2+ 37.Ke3 Rxg2 38.h4 Nh5 39.Nf7+ Kg8 40.Nh6+ Kh8 41.a4 f4+ 42.Kd3 Nf6
43.Nf7+ Kg8 44.Nh6+ Kh8 45.Nf7+ Kg8 46.Ne5 Nh5 47.Ng4 Kh8 48.Ng5 Rd8+ 49.Kc3 Rd1
50.Rxh7+ Kg8 51.Rf7 Rxg4 52.fxg4 Ng3 53.Rxf4 Ne2+ 54.Kc2 Nxf4 55.Kxd1 Ng2
56.Ke2 Nxh4 57.Kf2  1-0

[Event "Geneva Masters KO 2013"]
[Site "Geneve SUI"]
[Date "2013.06.29"]
[Round "1.1"]
[White "Kramnik,V"]
[Black "Nakamura,Hi"]
[Result "1/2-1/2"]
[WhiteElo "2803"]
[BlackElo "2784"]

1.c4 e6 2.Nf3 b6 3.g3 Bb7 4.Bg2 Nf6 5.O-O Be7 6.b3 O-O 7.Nc3 d5 8.Ne5 c5
9.Bb2 Nbd7 10.d4 cxd4 11.Qxd4 Bc5 12.Qf4 Nh5 13.Qf3 Nhf6 14.Nxd7 Qxd7 15.Rad1 Bc6
16.cxd5 exd5 17.e3 Rac8 18.Qf4 Qe6 19.Qh4 Ne4 20.Nxd5 f5 21.Bxe4 fxe4 22.Qg5 Rf7
23.Nf4 Qe7 24.Qxe7 Rxe7 25.Rd2 Rd7 26.Rc2 Re8 27.Rfc1 Bb5 28.Kg2 Kf7 29.a4 Ba6
30.h4 Red8 31.g4 Bd6 32.Nh5 Bd3 33.Rc8 Rxc8 34.Rxc8 Be2 35.Ng3 Bf3+ 36.Kh3 Bc5
37.Bd4 Bxd4 38.exd4 g6 39.Nf1 Bd1 40.Rc3 Rxd4 41.Ne3 h5 42.g5 Bg4+ 43.Kg3 Be6
44.Kf4 Rd2 45.Ke5 Rd7 46.b4 Re7 47.Kf4 Ke8 48.a5 bxa5 49.bxa5 Rb7 50.Ke5 Ke7
51.Rc5 a6 52.Kxe4 Kd6 53.Kd4 Rf7 54.Nc4+ Bxc4 55.Rxc4  1/2-1/2